[Event "World Blitz 2025"]
[Site "Doha QAT"]
[Date "2025.12.29"]
[Round "6.72"]
[White "Henriquez Villagra, Cristobal"]
[Black "Harikrishnan, A. Ra"]
[Result "0-1"]
[WhiteTitle "GM"]
[BlackTitle "GM"]
[WhiteElo "2598"]
[BlackElo "2531"]
[WhiteFideId "3409350"]
[BlackFideId "5081483"]
[EventDate "2025.12.29"]

1. Nf3 d5 2. g3 c6 3. Bg2 Bf5 4. O-O e6 5. d3 h6 6. Nfd2 Bh7 7. e4 Nf6 8. Nc3
dxe4 9. Ndxe4 Nbd7 10. Qe2 Be7 11. a4 O-O 12. a5 a6 13. Bd2 Bb4 14. Nxf6+ Nxf6
15. Nb1 Bd6 16. Na3 Nd5 17. Nc4 Bc7 18. Be4 Qf6 19. Kg2 Rad8 20. Rfe1 Rfe8 21.
Qf3 Qe7 22. Bxh7+ Kxh7 23. Re2 Kg8 24. Rae1 Qf6 25. h4 Qxf3+ 26. Kxf3 Ne7 27. b4
Nf5 28. Bc3 Nd4+ 29. Bxd4 Rxd4 30. Re4 Rd5 31. Ne3 Rb5 32. c3 c5 33. Rc4 Bd6 34.
bxc5 Bxc5 35. d4 Bd6 36. Ra1 Kf8 37. Ra2 Rd8 38. Ke2 Ke7 39. Rca4 Rc8 40. Kd3
Rb3 41. Rc4 Rxc4 42. Nxc4 Bc7 43. Kc2 Rb5 44. Kd3 Kd7 45. Kc2 Kc6 46. Ra1 Rf5
47. f4 g5 48. hxg5 hxg5 49. Ne3 Rxa5 50. Rf1 gxf4 51. gxf4 Rh5 52. f5 exf5 53.
Nxf5 Kd7 54. Ng7 Rh2+ 55. Kd3 Ke7 56. Nf5+ Kf8 57. c4 a5 58. c5 a4 59. Ra1 a3
60. Ke4 a2 61. Ne3 Ba5 62. Kd3 Rd2+ 63. Kc4 Re2 64. Kd3 Rd2+ 65. Kc4 Rb2 66. Nd5
f5 67. Nf4 Kf7 68. d5 Rb4+ 69. Kd3 Rxf4 70. Rxa2 Bb4 71. c6 bxc6 72. dxc6 Bd6
73. c7 Bxc7 74. Ra7 Kf6 75. Rxc7 Re4 76. Rc8 Kg5 77. Rg8+ Kf4 78. Rg1 Re3+ 79.
Kd2 Re5 80. Kd3 Kf3 81. Rf1+ Kg2 82. Rf4 Kg3 83. Rf1 f4 84. Rg1+ Kf2 85. Rg7 f3
86. Kd4 0-1

[Event "World Blitz 2025"]
[Site "Doha QAT"]
[Date "2025.12.29"]
[Round "6.73"]
[White "Urkedal, Frode Olav Olsen"]
[Black "Dlugy, Maxim"]
[Result "1-0"]
[WhiteTitle "GM"]
[BlackTitle "GM"]
[WhiteElo "2568"]
[BlackElo "2502"]
[WhiteFideId "1506102"]
[BlackFideId "2000075"]
[EventDate "2025.12.29"]

1. d4 d5 2. c4 dxc4 3. e4 b5 4. a4 c6 5. Nc3 b4 6. Na2 Nf6 7. e5 Nd5 8. Bxc4 e6
9. Nf3 Be7 10. Bd2 a5 11. Nc1 Nd7 12. O-O O-O 13. Nb3 Bb7 14. Rc1 Rc8 15. Qe2 c5
16. dxc5 Nxc5 17. Nxc5 Rxc5 18. Bd3 Rxc1 19. Rxc1 Nb6 20. Bb5 Bxf3 21. gxf3 Nd5
22. Qe4 Bg5 23. f4 Bh6 24. Rc4 g6 25. Be3 Nxe3 26. Qxe3 Qd1+ 27. Kg2 Rd8 28. h3
Kg7 29. Qf3 Qb1 30. Rc7 Qf5 31. Qg4 Qxg4+ 32. hxg4 Bxf4 33. Rc5 Rd2 34. Kf3 Bg5
35. b3 Bh4 36. Bc4 Rxf2+ 37. Ke3 Rg2 38. Rxa5 Rxg4 39. Ra7 Rg2 40. Kf3 Rg3+ 41.
Ke2 Rg4 42. Bxe6 Re4+ 43. Kd3 Rxe5 44. Bxf7 Bf2 45. Rb7 Kf6 46. Bc4 h5 47. Rf7+
Kg5 48. Rxf2 h4 49. Rg2+ Kh5 50. Bf7 Rg5 51. Rxg5+ Kxg5 52. Be6 Kf4 53. a5 g5
54. a6 g4 55. a7 Ke5 1-0

[Event "World Blitz 2025"]
[Site "Doha QAT"]
[Date "2025.12.29"]
[Round "6.74"]
[White "Galaviz Medina, Sion Radamantys"]
[Black "Motylev, Alexander"]
[Result "1-0"]
[WhiteTitle "IM"]
[BlackTitle "GM"]
[WhiteElo "2514"]
[BlackElo "2573"]
[WhiteFideId "5123119"]
[BlackFideId "4121830"]
[EventDate "2025.12.29"]

1. d4 Nf6 2. c4 e6 3. Nc3 d5 4. cxd5 exd5 5. Bg5 Be7 6. e3 h6 7. Bh4 O-O 8. Bd3
Re8 9. Nge2 c6 10. O-O a5 11. Qc2 Na6 12. a3 Nc7 13. Rad1 Ne6 14. a4 Nh5 15.
Bxe7 Qxe7 16. Kh1 Ng5 17. Ng1 Ne4 18. Bxe4 dxe4 19. d5 Bg4 20. Rd4 cxd5 21. Nxd5
Qe5 22. Qc7 Kh7 23. h3 Bf5 24. Qxe5 Rxe5 25. g4 1-0

[Event "World Blitz 2025"]
[Site "Doha QAT"]
[Date "2025.12.29"]
[Round "6.75"]
[White "Gholami Orimi, Mahdi"]
[Black "Averin, Nikolay"]
[Result "1-0"]
[WhiteTitle "GM"]
[BlackTitle "FM"]
[WhiteElo "2515"]
[BlackElo "2389"]
[WhiteFideId "12558486"]
[BlackFideId "24250473"]
[EventDate "2025.12.29"]

1. d4 Nf6 2. c4 e6 3. Nc3 d5 4. cxd5 exd5 5. Bg5 c6 6. e3 Bd6 7. Bd3 Nbd7 8.
Nge2 Nf8 9. f3 Ne6 10. Bh4 O-O 11. O-O Be7 12. Kh1 a5 13. Qc2 g6 14. Rad1 Qe8
15. e4 dxe4 16. fxe4 Ng4 17. Bf2 Nxf2+ 18. Rxf2 Ng7 19. Rdf1 f6 20. Nf4 Kh8 21.
e5 f5 22. d5 Bg5 23. Nh3 Bh4 24. Re2 cxd5 25. Nxd5 Qd8 26. Nc7 Rb8 27. e6 Qd6
28. Rd1 Qe7 29. Nd5 Qd6 30. e7 Re8 31. Bb5 Be6 32. Bxe8 Rxe8 33. Nc7 Qxe7 34.
Nxe8 Qxe8 35. Nf4 Qg8 36. Nxe6 Nxe6 37. Qc3+ Ng7 38. Rd7 h5 39. Re8 1-0

[Event "World Blitz 2025"]
[Site "Doha QAT"]
[Date "2025.12.29"]
[Round "6.76"]
[White "Nikitenko, Mihail"]
[Black "Lodici, Lorenzo"]
[Result "0-1"]
[WhiteTitle "GM"]
[BlackTitle "GM"]
[WhiteElo "2476"]
[BlackElo "2590"]
[WhiteFideId "13506862"]
[BlackFideId "884189"]
[EventDate "2025.12.29"]

1. d4 Nf6 2. c4 e6 3. Nf3 c5 4. d5 exd5 5. cxd5 d6 6. h3 a6 7. a4 g6 8. Nc3 Qe7
9. Bf4 Nbd7 10. e3 Bg7 11. Bd3 O-O 12. O-O Nh5 13. Bh2 f5 14. Re1 Rb8 15. Qb3
Kh8 16. Rad1 b6 17. Nd2 Ne5 18. Bf1 f4 19. Nc4 f3 20. Ne4 fxg2 21. Bxg2 Bxh3 22.
Bxe5 Bxg2 23. Kxg2 Bxe5 24. Nxe5 Qxe5 25. Qc3 Qxc3 26. bxc3 Rfd8 27. Rb1 Kg7 28.
Re2 Nf6 29. Ng5 Rd7 30. c4 b5 31. axb5 axb5 32. cxb5 Nxd5 33. Rd2 Nc3 34. Rc1
Nxb5 35. Rxc5 Kf6 36. Ne4+ Ke7 37. Rcd5 Rb6 38. Ng5 Nc7 39. R5d4 h6 40. Re4+ Kf6
41. Nf3 Ne6 42. Rd5 Rb2 43. Ra4 Nc5 44. Rc4 Ne6 45. Rc8 Rb6 46. Nd2 Nc7 47. Rd4
d5 48. Rf8+ Kg7 49. Rc8 Ne6 50. Ra4 d4 51. exd4 Nxd4 52. Raa8 Ne6 53. Rg8+ Kf7
54. Rh8 Rxd2 55. Rxh6 Rbb2 56. Rh7+ Kf6 57. Kg3 Rxf2 58. Raa7 Rg2+ 59. Kh4 Rh2+
60. Kg3 Rbg2+ 0-1

[Event "World Blitz 2025"]
[Site "Doha QAT"]
[Date "2025.12.29"]
[Round "6.97"]
[White "Jumabayev, Rinat"]
[Black "Agmanov, Zhandos"]
[Result "1/2-1/2"]
[WhiteTitle "GM"]
[BlackTitle "IM"]
[WhiteElo "2560"]
[BlackElo "2471"]
[WhiteFideId "13702661"]
[BlackFideId "13708309"]
[EventDate "2025.12.29"]

1. Nf3 d5 2. d4 Nf6 3. Bf4 e6 4. e3 c5 5. Nbd2 Nc6 6. c3 Nh5 7. Bg5 f6 8. Bh4 g6
9. Bd3 cxd4 10. cxd4 Bd6 11. O-O O-O 12. Rc1 Bd7 13. a3 Rc8 14. Bb1 Qb6 15. Nb3
Na5 16. Nxa5 Qxa5 17. Rxc8 Bxc8 18. e4 dxe4 19. Bxe4 Ng7 20. Bg3 Bxg3 21. hxg3
Qb6 22. Qe2 Bd7 23. Rd1 Bb5 24. Qc2 Rd8 25. g4 Bc6 26. g5 Bxe4 27. Qxe4 f5 28.
Qe2 Ne8 29. Rc1 Nc7 30. b4 Nd5 31. Rc5 Qd6 32. g3 b6 33. Rc2 a5 34. bxa5 bxa5
35. Qd3 Ne7 36. Qb5 Qxa3 37. Kg2 Qb4 38. Qe5 Qd6 39. Qxa5 Qd5 40. Rc5 Qa8 41.
Qe1 Qe4 42. Qxe4 fxe4 43. Ne5 Rxd4 44. Ng4 Nd5 45. Nh6+ Kf8 46. Rc8+ Ke7 47. Rh8
Rd2 48. Rxh7+ Ke8 49. Kg1 e3 50. fxe3 Nxe3 51. Ng8 Rg2+ 52. Kh1 Rxg3 53. Nf6+
Kd8 54. Rd7+ Kc8 55. Re7 Rxg5 56. Rxe6 Nf5 57. Kh2 Rg3 58. Nd5 Rd3 59. Ne7+ 1/2-1/2

[Event "World Blitz 2025"]
[Site "Doha QAT"]
[Date "2025.12.29"]
[Round "6.98"]
[White "Shogdzhiev, Roman"]
[Black "Ansat, Aldiyar"]
[Result "1/2-1/2"]
[WhiteTitle "IM"]
[BlackTitle "IM"]
[WhiteElo "2403"]
[BlackElo "2479"]
[WhiteFideId "55653537"]
[BlackFideId "13715658"]
[EventDate "2025.12.29"]

1. Nf3 Nf6 2. d3 c5 3. Nbd2 Nc6 4. g3 g6 5. Bg2 Bg7 6. e4 d6 7. O-O O-O 8. Re1
Bg4 9. h3 Bxf3 10. Nxf3 Nd7 11. c3 b5 12. Be3 b4 13. d4 bxc3 14. bxc3 Qa5 15.
Qd3 Rac8 16. Reb1 cxd4 17. cxd4 Nb6 18. a3 Qa4 19. Qb5 Qxb5 20. Rxb5 Nc4 21. Bf1
Nxe3 22. fxe3 Bh6 23. Kf2 Nd8 24. Bd3 Rc7 25. g4 Ne6 26. g5 Bg7 27. h4 Rfc8 28.
Ke2 Nd8 29. Rab1 Kf8 30. Rb8 e6 31. Ba6 Rxb8 32. Rxb8 Ke7 33. Kd2 h6 34. Rb1 Rc6
35. Bd3 h5 36. Rb2 Bf8 37. Rc2 Rxc2+ 38. Bxc2 Kd7 39. Ba4+ Kc7 40. Be8 Bg7 41.
Kd3 d5 42. e5 Bf8 43. a4 Kb6 44. Nd2 Ka5 45. e4 Kb4 46. exd5 exd5 47. Nf1 Ne6
48. Bxf7 Nf4+ 49. Ke3 Ng2+ 50. Kf2 Nxh4 51. Ne3 Kc3 52. Kg3 Kxd4 53. Nc2+ Kc3
54. Kxh4 Kxc2 55. Bxg6+ Kc3 56. Bf7 d4 57. e6 d3 58. Bxh5 Kd4 59. g6 Ke5 60. Kg5
Kxe6 61. Kf4 1/2-1/2

[Event "World Blitz 2025"]
[Site "Doha QAT"]
[Date "2025.12.29"]
[Round "6.99"]
[White "Ibrahimli, Murad"]
[Black "Rodrigue-Lemieux, Shawn"]
[Result "1-0"]
[WhiteTitle "IM"]
[BlackTitle "GM"]
[WhiteElo "2438"]
[BlackElo "2517"]
[WhiteFideId "13410229"]
[BlackFideId "2620049"]
[EventDate "2025.12.29"]

1. d4 Nf6 2. Nf3 d5 3. c4 e6 4. g3 Be7 5. Bg2 O-O 6. O-O dxc4 7. Qc2 a6 8. a4
Bd7 9. Qxc4 Bc6 10. Bg5 Nbd7 11. Nbd2 h6 12. Bxf6 Nxf6 13. Rfe1 Bd5 14. Qc2 c5
15. e4 Bc6 16. dxc5 Qa5 17. Rec1 Rac8 18. Qc4 Rfd8 19. b4 Qc7 20. h3 Be8 21. Nb3
Bxa4 22. Nfd4 Be8 23. Qe2 e5 24. Nf5 Bb5 25. Qb2 Bf8 26. Ne3 Bc6 27. Qc2 Qd7 28.
Rd1 Qe6 29. Na5 Rd4 30. Nxc6 Qxc6 31. Rxd4 exd4 32. Nd5 Qb5 33. Bf1 Qe8 34.
Nxf6+ gxf6 35. Bc4 Qe5 36. Qd3 Kg7 37. Kg2 Rd8 38. Re1 a5 39. bxa5 Qxc5 40. Rb1
Qxa5 41. Rxb7 Qc3 42. Rxf7+ Kg6 43. Qe2 h5 44. e5 d3 45. Qe4+ Kh6 46. Rh7+ Kg5
47. h4# 1-0

[Event "World Blitz 2025"]
[Site "Doha QAT"]
[Date "2025.12.29"]
[Round "6.100"]
[White "Volokitin, Andrei"]
[Black "Begmuratov, Khumoyun"]
[Result "0-1"]
[WhiteTitle "GM"]
[BlackTitle "IM"]
[WhiteElo "2619"]
[BlackElo "2451"]
[WhiteFideId "14107090"]
[BlackFideId "14210207"]
[EventDate "2025.12.29"]

1. e4 e5 2. Nf3 Nc6 3. Bb5 a6 4. Ba4 Nf6 5. O-O Be7 6. d3 d6 7. c3 O-O 8. Re1 h6
9. Nbd2 b5 10. Bc2 Re8 11. Nf1 Bf8 12. Ng3 g6 13. h3 Bg7 14. d4 Bd7 15. Be3 Qe7
16. a4 Reb8 17. d5 Na5 18. axb5 axb5 19. b3 Nb7 20. Qd2 Kh7 21. b4 c6 22. dxc6
Bxc6 23. Bd3 Nd8 24. Qe2 Qd7 25. Ra5 Rxa5 26. bxa5 Ra8 27. Ra1 Ne6 28. a6 Ne8
29. Qc2 N8c7 30. a7 Nc5 31. Bxc5 dxc5 32. Ra5 Ne6 33. Bf1 Rxa7 34. Rxa7 Qxa7 35.
Nf5 Qa4 36. Qxa4 bxa4 37. Nd6 a3 38. Bc4 Nf4 39. Nd2 f6 40. Nb1 Bf8 41. Nc8 Bxe4
42. Nxa3 Bxg2 43. Nb5 Bxh3 44. Nc7 Bxc8 0-1

[Event "World Blitz 2025"]
[Site "Doha QAT"]
[Date "2025.12.29"]
[Round "6.101"]
[White "Grebnev, Aleksey"]
[Black "Tran, Thanh Tu"]
[Result "0-1"]
[WhiteTitle "GM"]
[BlackTitle "IM"]
[WhiteElo "2632"]
[BlackElo "2402"]
[WhiteFideId "34189030"]
[BlackFideId "12401404"]
[EventDate "2025.12.29"]

1. Nf3 Nf6 2. b3 g6 3. Bb2 Bg7 4. g3 O-O 5. Bg2 d6 6. d4 a5 7. a4 Nc6 8. O-O Bf5
9. Re1 Qc8 10. Nbd2 Bh3 11. Bh1 Re8 12. e4 e5 13. d5 Nb8 14. Nc4 h6 15. c3 Na6
16. Qc2 b6 17. Ba3 Nc5 18. Nfd2 h5 19. Bc1 Bd7 20. Nf3 Rf8 21. Bg2 Nh7 22. Nh4
Bf6 23. Nf3 Bg7 24. Nh4 Bf6 25. Bh6 Bxh4 26. gxh4 Re8 27. f4 exf4 28. Bxf4 Nf6
29. e5 Bf5 30. Qd1 Nd3 31. Rf1 Nxf4 32. Rxf4 dxe5 33. Rf1 e4 34. Qd4 Qd8 35. Ne3
Ng4 36. Nxf5 gxf5 37. Rxf5 Qxh4 38. h3 Nh6 39. Rf6 Qg5 40. Rf2 e3 41. Re2 Nf5
42. Qd3 Ng3 43. Ree1 e2 44. Kh2 Re3 45. Qd4 Rae8 46. b4 Nf1+ 47. Kg1 0-1

[Event "World Blitz 2025"]
[Site "Doha QAT"]
[Date "2025.12.29"]
[Round "6.102"]
[White "Suyarov, Mukhammadzokhid"]
[Black "Davtyan, Artur"]
[Result "1-0"]
[WhiteTitle "IM"]
[BlackTitle "IM"]
[WhiteElo "2454"]
[BlackElo "2474"]
[WhiteFideId "14210495"]
[BlackFideId "13308327"]
[EventDate "2025.12.29"]

1. d4 Nf6 2. Nc3 d5 3. Bf4 c6 4. e3 Bf5 5. Nf3 e6 6. Ne5 h6 7. g4 Bh7 8. h4 Nfd7
9. Bd3 Nxe5 10. Bxe5 Nd7 11. Bg3 Qb6 12. a3 Bxd3 13. Qxd3 h5 14. g5 g6 15. b4
Be7 16. O-O O-O 17. Rab1 Rfc8 18. Rfc1 Qd8 19. a4 a5 20. bxa5 Ra7 21. a6 bxa6
22. Nd1 Nb6 23. Nb2 c5 24. a5 Nd7 25. Qd2 c4 26. Qc3 Rb7 27. Nd1 Rb5 28. Rxb5
axb5 29. a6 b4 30. Qa1 Qb6 31. Qa4 Qc6 32. Qa2 Ra8 33. Ra1 Kf8 34. a7 Bd6 35.
Qa4 Qc7 36. Bxd6+ Qxd6 37. Qb5 Qc7 38. Qxb4+ Ke8 39. Qa4 Kd8 40. Nc3 Nb6 41. Qa3
Qe7 42. Qa5 Qc7 43. Nb5 Qc6 44. Rb1 Kd7 45. Nd6 Qxd6 1-0

[Event "World Blitz 2025"]
[Site "Doha QAT"]
[Date "2025.12.29"]
[Round "6.103"]
[White "Suleimen, Ergali"]
[Black "Gavrilescu, David"]
[Result "0-1"]
[WhiteTitle "IM"]
[BlackTitle "GM"]
[WhiteElo "2419"]
[BlackElo "2542"]
[WhiteFideId "13724452"]
[BlackFideId "1227190"]
[EventDate "2025.12.29"]

1. e4 c5 2. Nf3 d6 3. d4 cxd4 4. Nxd4 Nf6 5. Nc3 a6 6. Bc4 e6 7. Bb3 b5 8. Bg5
Be7 9. Qf3 Qc7 10. O-O-O Nbd7 11. e5 Bb7 12. Qg3 Nxe5 13. Bxe6 fxe6 14. f4 Kf7
15. fxe5 dxe5 16. Nxe6 Kxe6 17. Qh3+ Kf7 18. Bxf6 gxf6 19. Rd7 Qc6 20. Rhd1 Rad8
21. Qh5+ Ke6 22. Qh3+ Kf7 23. Qh5+ Ke6 24. Qh3+ f5 25. Qh6+ Kf7 26. R1d6 Qxd6
27. Qxd6 Rxd7 28. Qxd7 Bc8 29. Qd5+ Kf6 30. Qc6+ Kf7 31. Nd5 Bg5+ 32. Kb1 Rd8
33. Qc7+ Ke6 34. Qc6+ Kf7 35. a4 Be6 36. Nc3 bxa4 37. Qb7+ Rd7 38. Qxa6 e4 39.
Qxa4 e3 40. h4 Bf6 41. Qc6 Bxc3 42. Qxc3 Rd1# 0-1

[Event "World Blitz 2025"]
[Site "Doha QAT"]
[Date "2025.12.29"]
[Round "6.104"]
[White "Altini, Nicola"]
[Black "Hong, Andrew"]
[Result "0-1"]
[WhiteTitle "IM"]
[BlackTitle "GM"]
[WhiteElo "2360"]
[BlackElo "2568"]
[WhiteFideId "833924"]
[BlackFideId "2099438"]
[EventDate "2025.12.29"]

1. d4 Nf6 2. c4 e6 3. Nc3 d5 4. cxd5 exd5 5. Bg5 Be7 6. e3 h6 7. Bh4 O-O 8. Bd3
Re8 9. Nge2 c6 10. O-O Nbd7 11. Qc2 Nh5 12. Bxe7 Qxe7 13. Rae1 Ndf6 14. Nc1 Ne4
15. f3 Nxc3 16. bxc3 Be6 17. Qf2 c5 18. Ne2 cxd4 19. cxd4 Qa3 20. Bb1 Bd7 21. e4
Bb5 22. e5 Rac8 23. f4 Qb2 24. g4 Nf6 25. g5 Ne4 26. Bxe4 dxe4 27. gxh6 Re6 28.
Ng3 Rc2 29. f5 Rxh6 30. Nxe4 Bxf1 31. Qxf1 Rhxh2 0-1

[Event "World Blitz 2025"]
[Site "Doha QAT"]
[Date "2025.12.29"]
[Round "6.105"]
[White "Ganguly, Surya Shekhar"]
[Black "Bai, Adelard"]
[Result "1-0"]
[WhiteTitle "GM"]
[BlackTitle "IM"]
[WhiteElo "2568"]
[BlackElo "2417"]
[WhiteFideId "5002150"]
[BlackFideId "16301188"]
[EventDate "2025.12.29"]

1. Nf3 c5 2. e4 Nc6 3. Bb5 e6 4. O-O Nge7 5. d4 cxd4 6. Nxd4 a6 7. Be2 b5 8. a4
Nxd4 9. Qxd4 Nc6 10. Qc3 b4 11. Qg3 Bb7 12. Be3 h5 13. Nd2 h4 14. Qh3 Be7 15. f4
d5 16. exd5 exd5 17. Nf3 d4 18. Rad1 Bf6 19. c3 bxc3 20. bxc3 Qa5 21. cxd4 O-O
22. Ne5 Rad8 23. Bf3 Qc7 24. Rc1 Bxe5 25. fxe5 Qb6 26. Bxc6 Bxc6 27. d5 Qb3 28.
dxc6 Qxa4 29. Bc5 Rfe8 30. Bd6 Qe4 31. Qf3 1-0

[Event "World Blitz 2025"]
[Site "Doha QAT"]
[Date "2025.12.29"]
[Round "6.106"]
[White "Wafa, Hamed"]
[Black "Sahidi, Samir"]
[Result "1-0"]
[WhiteTitle "IM"]
[BlackTitle "IM"]
[WhiteElo "2373"]
[BlackElo "2516"]
[WhiteFideId "10628452"]
[BlackFideId "14936372"]
[EventDate "2025.12.29"]

1. e4 c5 2. Nf3 d6 3. d4 cxd4 4. Nxd4 Nf6 5. Nc3 a6 6. Bg5 e6 7. f4 Nbd7 8. Qe2
Qc7 9. O-O-O b5 10. a3 Bb7 11. Bxf6 Nxf6 12. g4 h6 13. Bg2 Be7 14. e5 dxe5 15.
fxe5 Nd7 16. Bxb7 Qxb7 17. h4 b4 18. axb4 Bxb4 19. Rh3 Rc8 20. Ne4 Nxe5 21. Rb3
Qe7 22. Ng3 Ng6 23. h5 Nf4 24. Qe4 Bd6 25. Nc6 Qc7 26. Nf5 Qxc6 27. Nxd6+ Ke7
28. Nxc8+ Rxc8 29. Rb7+ Ke8 30. Qxc6+ Rxc6 31. Rf1 e5 32. b4 Kf8 33. Kb2 Kg8 34.
Re1 f6 35. Rd1 Ne6 36. Rdd7 e4 37. Re7 Kf8 38. Rf7+ Kg8 39. Rfd7 e3 40. Rb8+ Kh7
41. Re7 e2 42. Ree8 g5 43. Re7+ Ng7 44. Rbb7 Kh8 45. Rxe2 Rc8 46. Ree7 Rg8 47.
c4 f5 48. gxf5 g4 49. f6 1-0

[Event "World Blitz 2025"]
[Site "Doha QAT"]
[Date "2025.12.29"]
[Round "6.107"]
[White "Kobalia, Mikhail"]
[Black "Kuandykuly, Danis"]
[Result "1-0"]
[WhiteTitle "GM"]
[BlackTitle "FM"]
[WhiteElo "2537"]
[BlackElo "2372"]
[WhiteFideId "4119150"]
[BlackFideId "13752260"]
[EventDate "2025.12.29"]

1. e4 e5 2. Nf3 Nc6 3. Bb5 Nge7 4. O-O Ng6 5. c3 a6 6. Ba4 b5 7. Bb3 Be7 8. d4
d6 9. Bd5 Bb7 10. a4 O-O 11. Be3 Rb8 12. axb5 axb5 13. Nbd2 Qd7 14. h3 Nd8 15.
Bxb7 Rxb7 16. Qb3 Ne6 17. Rfd1 Qc8 18. Nf1 c5 19. dxe5 c4 20. Qc2 dxe5 21. g3
Nef4 22. gxf4 exf4 23. Bd4 Qxh3 24. N1h2 Nh4 25. Nxh4 Bxh4 26. Qe2 Qe6 27. Qg4
Qh6 28. Nf3 Bf6 29. Ra6 Kh8 30. e5 Rg8 31. exf6 gxf6 32. Bxf6+ Qxf6 33. Qxg8+ 1-0

[Event "World Blitz 2025"]
[Site "Doha QAT"]
[Date "2025.12.29"]
[Round "6.108"]
[White "Chasin, Nico"]
[Black "Alrehaili, Ahmed Abdullah S"]
[Result "1-0"]
[WhiteTitle "IM"]
[BlackTitle "FM"]
[WhiteElo "2517"]
[BlackElo "2106"]
[WhiteFideId "30908477"]
[BlackFideId "21518840"]
[EventDate "2025.12.29"]

1. e4 e5 2. Nf3 Nc6 3. Bb5 a6 4. Ba4 d6 5. O-O Nf6 6. Re1 Bd7 7. c3 g6 8. d4 Bg7
9. h3 O-O 10. Bc2 exd4 11. cxd4 Nb4 12. Bb3 Bb5 13. Re3 d5 14. e5 Ne4 15. a3 Nd3
16. Rxd3 Bxd3 17. Qxd3 c6 18. Nc3 Qb6 19. Ba2 Nxc3 20. bxc3 f6 21. exf6 Bxf6 22.
Bf4 Qa5 23. Bd6 Rfe8 24. c4 dxc4 25. Qxc4+ Kg7 26. Qf7+ 1-0

[Event "World Blitz 2025"]
[Site "Doha QAT"]
[Date "2025.12.29"]
[Round "6.77"]
[White "Rakotomaharo, Fy Antenaina"]
[Black "Keymer, Vincent"]
[Result "0-1"]
[WhiteTitle "IM"]
[BlackTitle "GM"]
[WhiteElo "2434"]
[BlackElo "2776"]
[WhiteFideId "13100050"]
[BlackFideId "12940690"]
[EventDate "2025.12.29"]

1. e4 e5 2. Nf3 Nc6 3. Bb5 a6 4. Ba4 Nf6 5. d3 b5 6. Bb3 Bc5 7. Nc3 d6 8. Nd5 h6
9. c3 O-O 10. Nxf6+ Qxf6 11. Bd5 Bd7 12. Rg1 Ne7 13. Bxa8 Rxa8 14. Be3 Bxe3 15.
fxe3 Ng6 16. Rf1 Qe7 17. Kf2 a5 18. Kg1 a4 19. Qe1 c5 20. Qg3 Be6 21. a3 Re8 22.
Rf2 Nf8 23. Nh4 Qg5 24. Qxg5 hxg5 25. Nf5 Rd8 26. d4 g6 27. Ne7+ Kg7 28. dxe5
dxe5 29. Nc6 Rd3 30. Nxe5 Rxe3 31. Raf1 f5 32. exf5 gxf5 33. Nf3 g4 34. Re1 Rd3
35. Rd2 Rxd2 36. Nxd2 Kf6 37. c4 b4 38. axb4 cxb4 39. Ra1 Bd7 40. Kf2 Ne6 41.
Ke3 f4+ 42. Kd3 Bc6 43. Ne4+ Kf5 44. Nd6+ Ke5 45. Nb5 Bxg2 46. Re1+ Kf6 47. Nd6
Bc6 48. Ne4+ Bxe4+ 49. Kxe4 f3 50. Ke3 Kf5 51. h3 gxh3 52. Kxf3 Nc5 53. Kg3 Nd3
54. Re2 b3 55. Kxh3 Nf4+ 0-1

[Event "World Blitz 2025"]
[Site "Doha QAT"]
[Date "2025.12.29"]
[Round "6.78"]
[White "Donchenko, Alexander"]
[Black "Orozbaev, Eldiyar"]
[Result "0-1"]
[WhiteTitle "GM"]
[BlackTitle "IM"]
[WhiteElo "2661"]
[BlackElo "2348"]
[WhiteFideId "24603295"]
[BlackFideId "13802240"]
[EventDate "2025.12.29"]

1. e4 e6 2. d4 d5 3. Nc3 Nf6 4. e5 Nfd7 5. f4 c5 6. Nf3 Nc6 7. Be3 cxd4 8. Nxd4
Bc5 9. Qd2 O-O 10. O-O-O a6 11. h4 Nxd4 12. Bxd4 b5 13. h5 b4 14. Ne2 a5 15. h6
g6 16. Kb1 Ba6 17. Nc1 Bxf1 18. Rhxf1 Qb6 19. g4 Rfc8 20. Nb3 Bxd4 21. Nxd4 Nc5
22. f5 Ne4 23. Qf4 Rf8 24. Rf3 a4 25. Ka1 a3 26. b3 Rac8 27. Rdd3 Qa7 28. Kb1
Qe7 29. Qh2 Qg5 30. Qf4 Qh4 31. Rh3 Qe1+ 32. Qc1 Qxc1+ 33. Kxc1 Nf2 34. f6 Nxg4
35. Rh4 Nxe5 36. Re3 Nd7 37. Rf3 Rc5 38. Rf2 Rfc8 39. Kd1 Rc3 40. Nf3 Rb8 41.
Rf4 e5 42. Rh4 e4 43. Nd4 Rb6 44. Rhf4 Nc5 45. Rg2 Ne6 46. Nxe6 0-1

[Event "World Blitz 2025"]
[Site "Doha QAT"]
[Date "2025.12.29"]
[Round "6.79"]
[White "Medhus, Vitus Bondo"]
[Black "Haug, Havard"]
[Result "0-1"]
[WhiteTitle "FM"]
[BlackTitle "FM"]
[WhiteElo "2387"]
[BlackElo "2416"]
[WhiteFideId "1462547"]
[BlackFideId "1547887"]
[EventDate "2025.12.29"]

1. e4 c6 2. d4 d5 3. f3 g6 4. Nc3 Bg7 5. e5 h5 6. f4 Nh6 7. Nf3 Bg4 8. Be2 Bxf3
9. Bxf3 e6 10. O-O Nf5 11. Na4 Nd7 12. b4 a5 13. c3 axb4 14. cxb4 Nxd4 15. Qxd4
Rxa4 16. a3 O-O 17. Qd1 Qb6+ 18. Kh1 Rfa8 19. Rb1 c5 20. f5 Nxe5 21. f6 Bxf6 22.
Bxh5 Bg7 23. Be2 cxb4 24. axb4 Rxb4 25. Rxb4 Qxb4 26. Bd2 Qd4 27. Qc2 Nc4 28.
Bc1 Ne3 29. Bxe3 Qxe3 30. h3 Ra1 31. Rxa1 Bxa1 32. Bf3 Qe1+ 0-1

[Event "World Blitz 2025"]
[Site "Doha QAT"]
[Date "2025.12.29"]
[Round "6.80"]
[White "Puranik, Abhimanyu"]
[Black "Piliposyan, Robert"]
[Result "1/2-1/2"]
[WhiteTitle "GM"]
[BlackTitle "IM"]
[WhiteElo "2622"]
[BlackElo "2442"]
[WhiteFideId "5061245"]
[BlackFideId "13309978"]
[EventDate "2025.12.29"]

1. d4 Nf6 2. Nf3 d5 3. e3 c5 4. Nbd2 Nc6 5. dxc5 e6 6. Nb3 Bxc5 7. Nxc5 Qa5+ 8.
Bd2 Qxc5 9. Bc3 Ne4 10. Bxg7 Rg8 11. Bd4 Qb4+ 12. Nd2 Nxd4 13. exd4 Qxd4 14.
Nxe4 Qxe4+ 15. Qe2 Qxe2+ 16. Kxe2 e5 17. c3 Be6 18. g3 Ke7 19. Bg2 Rad8 20. Rad1
Rd6 21. Rd2 Rgd8 22. Rhd1 b5 23. Ke3 f6 24. Bf1 a6 25. a3 h6 26. f4 Bg4 27. Re1
d4+ 28. cxd4 Rxd4 29. Rxd4 Rxd4 30. Bd3 Be6 31. fxe5 fxe5 32. Rc1 Bc4 33. Bxc4
bxc4 34. Rf1 Ke6 35. Rf8 Rd3+ 36. Ke4 Rd4+ 37. Ke3 Rd3+ 38. Ke4 Rd4+ 1/2-1/2